| 000 | 00551nam a2200181Ia 4500 | ||
|---|---|---|---|
| 008 | 200115s9999 xx 000 0 und d | ||
| 100 | _aEditors, RD | ||
| 245 | 4 | _aThe Countdown to liftoff: the voyage of apollo 11/ | |
| 245 | _cRD Editors | ||
| 260 | _bReader's Digest Asia | ||
| 260 | _c2019 | ||
| 300 | _aPages 27-33, July 2019 | ||
| 440 |
_aAsia Reader's Digest: Lunar Landing 50th Anniversary A Voyage like no other _v116:677 |
||
| 650 | _aApollo 11 | ||
| 650 | _aBraun, Wernher von (1912-1977) | ||
| 650 | _amoon | ||
| 650 | _aUSS Hornet | ||
| 999 |
_c362908 _d362908 |
||